Химмотология нефтяных и альтернативных топлив (Запись № 13644103)
[ простой вид ]
| 000 -МАРКЕР | |
|---|---|
| контрольное поле | 02287nam0a2200385 4500 |
| 001 - ИДЕНТИФИКАТОР ЗАПИСИ | |
| контрольное поле | RU\NLR\BIBL_A\022748320 |
| 005 - ИДЕНТИФИКАТОР ВЕРСИИ | |
| контрольное поле | 20260324100050.0 |
| 010 ## - МЕЖДУНАРОДНЫЙ СТАНДАРТНЫЙ НОМЕР КНИГИ (ISBN) | |
| Номер (ISBN) | 978-5-9933-0610-0 |
| Тираж | 500 |
| 021 ## - НОМЕР ГОСУДАРСТВЕННОЙ РЕГИСТРАЦИИ | |
| Код страны | Российская Федерация |
| Номер | КН-П-26-000606 |
| Номер Листа государственной регистраци | КН-П-26-0056 |
| 035 ## - ДРУГИЕ СИСТЕМНЫЕ НОМЕРА | |
| Идентификатор записи | (NLR Aleph) 022748320 |
| 100 ## - ДАННЫЕ ОБЩЕЙ ОБРАБОТКИ | |
| Данные общей обработки | 20260310d2026 u y0rusy50 ca |
| 101 0# - ЯЗЫК РЕСУРСА | |
| Язык текста, звукозаписи и т.д. | русский |
| 102 ## - СТРАНА ПУБЛИКАЦИИ ИЛИ ПРОИЗВОДСТВА | |
| Страна публикации | Российская Федерация |
| 105 ## - ПОЛЕ КОДИРОВАННЫХ ДАННЫХ: ТЕКСТОВЫЕ МАТЕРИАЛЫ, МОНОГРАФИЧЕСКИЕ | |
| Кодированные данные о монографическом текстовом документе | аc j 000yy |
| 181 #0 - ПОЛЕ КОДИРОВАННЫХ ДАННЫХ: ВИД СОДЕРЖАНИЯ | |
| Код вида содержания (ISBD) | i |
| Код характеристики содержания (ISBD) | axxe |
| 182 #0 - ПОЛЕ КОДИРОВАННЫХ ДАННЫХ: ТИП СРЕДСТВА | |
| Код типа средства (ISBD) | n - непосредственное |
| 200 1# - ЗАГЛАВИЕ И СВЕДЕНИЯ ОБ ОТВЕТСТВЕННОСТИ | |
| Основное заглавие | Химмотология нефтяных и альтернативных топлив |
| Параллельное заглавие | Chemmotology of oil and alternative fuels |
| Сведения, относящиеся к заглавию | учебник по направлениям подготовки 18.03.01, 18.04.01 "Химическая технология" (уровень магистратуры) |
| Первые сведения об ответственности | В. М. Капустин, Л. С. Яновский, В. Г. Спиркин [и др.] |
| Язык параллельного заглавия | английский |
| 203 ## - ВИД СОДЕРЖАНИЯ И ТИП СРЕДСТВА | |
| Вид содержания | Текст |
| Дополнительные сведения об издании | визуальный |
| Тип средства | непосредственный |
| 210 ## - ПУБЛИКАЦИЯ, РАСПРОСТРАНЕНИЕ И ДР. | |
| Место издания, распространения и т.д. | Москва |
| Имя издателя, распространителя и т. д. | РГУ нефти и газа (НИУ) имени И. М. Губкина |
| Дата издания, распространения и т.д. | 2026 |
| 215 ## - ФИЗИЧЕСКАЯ ХАРАКТЕРИСТИКА | |
| Специфическое обозначение материала и объем | 270 с. |
| Другие сведения о физической характеристике | ил., портр. |
| Размеры | 25 |
| 320 ## - ПРИМЕЧАНИЯ О НАЛИЧИИ В ДОКУМЕНТЕ БИБЛИОГРАФИИ / УКАЗАТЕЛЯ | |
| Текст примечания | Библиогр.: с. 264-266 (44 назв.) |
| 510 1# - ПАРАЛЛЕЛЬНОЕ ЗАГЛАВИЕ | |
| Параллельное заглавие | Chemmotology of oil and alternative fuels |
| Язык заглавия | английский |
| 606 1# - НАИМЕНОВАНИЕ ТЕМЫ КАК ПРЕДМЕТ | |
| Наименование темы | Химмотология |
| Формальный подзаголовок | Учебники для высших учебных заведений |
| Системный номер авторитетной/нормативной записи | 1069751 |
| Идентификатор авторитетной/нормативной записи | RU\NLR\AUTH\66416403 |
| 606 1# - НАИМЕНОВАНИЕ ТЕМЫ КАК ПРЕДМЕТ | |
| Наименование темы | Моторное топливо |
| Формальный подзаголовок | Учебники для высших учебных заведений |
| Тематический подзаголовок | Эксплуатационные свойства |
| Системный номер авторитетной/нормативной записи | 1643304 |
| Идентификатор авторитетной/нормативной записи | RU\NLR\AUTH\66726893 |
| 606 1# - НАИМЕНОВАНИЕ ТЕМЫ КАК ПРЕДМЕТ | |
| Наименование темы | Нефтяное топливо |
| Формальный подзаголовок | Учебники для высших учебных заведений |
| Тематический подзаголовок | Эксплуатационные свойства |
| Системный номер авторитетной/нормативной записи | 2702102 |
| Идентификатор авторитетной/нормативной записи | RU\NLR\AUTH\6601768063 |
| 686 1# - ИНДЕКСЫ ДРУГИХ КЛАССИФИКАЦИЙ | |
| Индекс | Л510я73-1 |
| 686 1# - ИНДЕКСЫ ДРУГИХ КЛАССИФИКАЦИЙ | |
| Индекс | Л542-106.6я73-1 |
| 701 #1 - ИМЯ ЛИЦА - АЛЬТЕРНАТИВНАЯ ОТВЕТСТВЕННОСТЬ | |
| Графика поля | Кириллица |
| Материалы, к которым относится поле | rus |
| Начальный элемент ввода | Капустин |
| Часть имени, кроме начального элемента ввода | В. М. |
| Дополнения к именам, кроме дат | д-р техн. наук |
| Даты | 1952- |
| Расширение инициалов личного имени | Владимир Михайлович |
| Системный номер авторитетной/нормативной записи | 43583 |
| Идентификатор авторитетной/нормативной записи | RU\NLR\AUTH\7760652 |
| 701 #1 - ИМЯ ЛИЦА - АЛЬТЕРНАТИВНАЯ ОТВЕТСТВЕННОСТЬ | |
| Начальный элемент ввода | Яновский |
| Часть имени, кроме начального элемента ввода | Л. С. |
| Даты | 1948- |
| Расширение инициалов личного имени | Леонид Самойлович |
| 701 #1 - ИМЯ ЛИЦА - АЛЬТЕРНАТИВНАЯ ОТВЕТСТВЕННОСТЬ | |
| Графика поля | Кириллица |
| Материалы, к которым относится поле | rus |
| Начальный элемент ввода | Спиркин |
| Часть имени, кроме начального элемента ввода | В. Г. |
| Даты | 1937- |
| Расширение инициалов личного имени | Владимир Григорьевич |
| Системный номер авторитетной/нормативной записи | 145325 |
| Идентификатор авторитетной/нормативной записи | RU\NLR\AUTH\770145361 |
| 942 ## - ДОПОЛНИТЕЛЬНЫЕ ЭЛЕМЕНТЫ ЗАПИСИ (АБИС) | |
| Тип экземпляра АБИС | Книга |
| 980 ## - КОЛЛЕКЦИЯ | |
| Название коллекции | Национальная библиография |
Нет доступных экземпляров.